000 00599nam a2200181 i 4500
001 86819
003 ES-MaACL
005 20250208063126.0
007 t|
008 041215q1943 sp ||||1| spa d
100 1 _aKipling, Rudyard,
_d1865-1936
_968087
245 1 0 _aEn tinieblas /
_cpor Rudyard Kipling ; versión castellana, La Nave ; dibujo de la sobrecubierta de Paco Ribera.
260 _aMadrid :
_bLa Nave,
_c[1943?] (
_fAldus)
300 _a380 p. :
_bretr. ;
_c16 cm.
700 1 _aRibera, Paco.
_996782
852 _aES-MaACL
_jF-15802
_bR.20482
999 _c86819
_d86819